Emblema da Cultura Brasilera: (Record no. 1870)
[ view plain ]
| 000 -LEADER | |
|---|---|
| campo de control de longitud fija | 00489nam a2200133 4500 |
| 008 - DATOS DE LONGITUD FIJA--INFORMACIÓN GENERAL | |
| campo de control de longitud fija | 740.92 T757e |
| 020 ## - NÚMERO INTERNACIONAL ESTÁNDAR DEL LIBRO | |
| Número Internacional Estándar del Libro | 9788568409022 |
| 082 ## - NÚMERO DE LA CLASIFICACIÓN DECIMAL DEWEY | |
| Número de clasificación | 740.92 |
| Número de ítem | T757e |
| 100 ## - ENTRADA PRINCIPAL--NOMBRE DE PERSONA | |
| Nombre de persona | Tozzi, Claudio |
| 9 (RLIN) | 7238 |
| 245 ## - MENCIÓN DEL TÍTULO | |
| Título | Emblema da Cultura Brasilera: |
| Resto del título | Retrospectiva da obra gráfica |
| 260 ## - PUBLICACIÓN, DISTRIBUCIÓN, ETC. | |
| Lugar de publicación, distribución, etc. | Curitiba |
| Nombre del editor, distribuidor, etc. | Quatrocantos escritório de Arte |
| Fecha de publicación, distribución, etc. | 2019 |
| 300 ## - DESCRIPCIÓN FÍSICA | |
| Extensión | 80 p. |
| Otras características físicas | il. (col) |
| Dimensiones | 20 x 21 cm |
| 650 ## - PUNTO DE ACCESO ADICIONAL DE MATERIA--TÉRMINO DE MATERIA | |
| Subdivisión general | arte contemporáneo |
| -- | arte - obra gráfica |
| -- | arte - exhibiciones |
| -- | arte - Brasil |
| -- | Tozzi, Claudio - artista |
| 9 (RLIN) | 7239 |
| Estatus retirado | Estado de pérdida | Fuente del sistema de clasificación o colocación | Estado de daño | No para préstamo | Biblioteca de origen | Biblioteca actual | Ubicación en estantería | Fecha de adquisición | Total de préstamos | Signatura topográfica completa | Código de barras | Visto por última vez | Precio de reemplazo | Tipo de ítem Koha |
|---|---|---|---|---|---|---|---|---|---|---|---|---|---|---|
| Clasificación Decimal Dewey | Biblioteca LadoV | Biblioteca LadoV | 13/11/2019 | 740.92 T757e | 004842 | 13/11/2019 | 13/11/2019 | Material 01 |
